000
00254nam a2200097Ia 4500
008
191201s2019 xx 000 0 und d
100
_a
LAUDON,Kenneth
245
0
_a
Essentials Management Information Systems
260
_b
Pearson
_a
New Delhi
942
_2
ddc
_c
BK
999
_c
7949
_d
7949